000 00566nam a2200157 a 4500
008 120416s0000 ||||||||||||||||| || u
020 _a085505042X
050 _aHF 5635 Qua
100 _aWood, Frank
245 1 0 _aQuantitative and accounting methods
246 _aa textbook for BECN award courses
260 _aLancashire
_bPolytechnic Publishers
_c1980
300 _a(vi), 394p. : ill.
350 _a0.00
995 _D0.00
_FCBU-MAIN LIBRARY (Kitwe)
_H1
_I10.00
_UAVAILABLE
_ZMain Library Open Access Collection
999 _c55434
_d55434